|
|
|
|
| LEADER |
03890nam a2200481 a 4500 |
| 001 |
21483 |
| 003 |
BD-DhAAL |
| 008 |
101123r20102009maua b 001 0 eng d |
| 999 |
|
|
|c 10082
|d 10082
|
| 010 |
|
|
|a 2009008593
|
| 020 |
|
|
|a 9788120340077
|
| 020 |
|
|
|a 9780262033848 (hardcover : alk. paper)
|
| 020 |
|
|
|a 0262033844 (hardcover : alk. paper)
|
| 020 |
|
|
|a 9780262533058 (pbk. : alk. paper)
|
| 020 |
|
|
|a 0262533057 (pbk. : alk. paper)
|
| 040 |
|
|
|a DLC
|c DLC
|d BTCTA
|d YDXCP
|d UKM
|d C#P
|d BWX
|d CDX
|d NLGGC
|d CUV
|d DLC
|d BD-DhAAL
|
| 082 |
0 |
0 |
|a 005.1
|2 22
|
| 245 |
0 |
0 |
|a Introduction to algorithms /
|c Thomas H. Cormen ... [et al.].
|
| 250 |
|
|
|a Third edition
|
| 260 |
|
|
|a Cambridge, Mass. :
|b MIT Press ;
|b PHI Pvt. Ltd.,
|c c2009 [reprinted 2010].
|
| 300 |
|
|
|a xix, 1292 pages :
|b illustrations ;
|c 24 cm.
|
| 504 |
|
|
|a Includes bibliographical references (pages [1231]-1249) and index.
|
| 541 |
1 |
|
|e 21483
|
| 650 |
|
0 |
|a Computer programming.
|9 42370
|
| 650 |
|
0 |
|a Computer algorithms.
|9 42371
|
| 650 |
|
0 |
|a Computer science.
|9 42372
|
| 700 |
1 |
|
|a Cormen, Thomas H.
|9 42373
|
| 852 |
4 |
|
|a Ayesha Abed Library
|j General Stacks
|
| 942 |
0 |
0 |
|0 2
|2 ddc
|c BK
|
| 952 |
|
|
|0 0
|1 0
|2 ddc
|4 0
|6 005_100000000000000_INT
|7 0
|9 13273
|a BRACUL
|b BRACUL
|c GEN
|d 2010-11-23
|l 31
|m 307
|o 005.1 INT
|p 3010021483
|r 2026-04-22
|s 2026-02-26
|t 1
|w 2010-11-23
|y BK
|
| 952 |
|
|
|0 0
|1 0
|2 ddc
|4 0
|6 005_100000000000000_INT
|7 0
|9 13274
|a BRACUL
|b BRACUL
|c GEN
|d 2010-11-23
|l 34
|m 401
|o 005.1 INT
|p 3010021484
|r 2025-10-26
|s 2025-07-16
|t 2
|w 2010-11-23
|y BK
|
| 952 |
|
|
|0 0
|1 0
|2 ddc
|4 0
|6 005_100000000000000_INT
|7 0
|9 13275
|a BRACUL
|b BRACUL
|c GEN
|d 2010-11-23
|l 31
|m 296
|o 005.1 INT
|p 3010021485
|q 2026-06-02
|r 2026-05-20
|s 2026-05-20
|t 3
|w 2010-11-23
|y BK
|
| 952 |
|
|
|0 0
|1 0
|2 ddc
|4 0
|6 005_100000000000000_INT
|7 0
|9 13276
|a BRACUL
|b BRACUL
|c GEN
|d 2010-11-23
|l 39
|m 432
|o 005.1 INT
|p 3010021486
|r 2026-01-06
|s 2025-10-26
|t 4
|w 2010-11-23
|y BK
|
| 952 |
|
|
|0 0
|1 0
|2 ddc
|4 0
|6 005_100000000000000_INT
|7 0
|9 13277
|a BRACUL
|b BRACUL
|c GEN
|d 2010-11-23
|l 33
|m 419
|o 005.1 INT
|p 3010021487
|r 2025-10-27
|s 2025-10-19
|t 5
|w 2010-11-23
|y BK
|
| 952 |
|
|
|0 0
|1 2
|2 ddc
|4 0
|6 005_100000000000000_INT
|7 0
|9 13603
|a BRACUL
|b BRACUL
|c GEN
|d 2010-12-13
|e TRIM EDUCATION
|g 720.00
|l 31
|m 268
|o 005.1 INT
|p 3010021606
|r 2019-11-28
|s 2019-11-28
|t 6
|w 2010-12-13
|y BK
|
| 952 |
|
|
|0 0
|1 0
|2 ddc
|4 0
|6 005_100000000000000_INT
|7 0
|9 13604
|a BRACUL
|b BRACUL
|c GEN
|d 2010-12-13
|e TRIM EDUCATION
|l 42
|m 384
|o 005.1 INT
|p 3010021607
|q 2025-12-04
|r 2025-11-02
|s 2025-11-02
|t 7
|w 2010-12-13
|y BK
|
| 952 |
|
|
|0 0
|1 0
|2 ddc
|4 0
|6 005_100000000000000_INT
|7 0
|9 13933
|a BRACUL
|b BRACUL
|c GEN
|d 2011-01-16
|l 40
|m 377
|o 005.1 INT
|p 3010021792
|r 2026-03-02
|s 2026-02-18
|t 8
|w 2011-01-16
|y BK
|
| 952 |
|
|
|0 0
|1 3
|2 ddc
|4 0
|6 005_100000000000000_INT
|7 0
|9 13934
|a BRACUL
|b BRACUL
|c GEN
|d 2011-01-16
|g 720.00
|l 5
|m 47
|o 005.1 INT
|p 3010021793
|r 2015-10-05
|s 2012-05-29
|t 9
|w 2011-01-16
|y BK
|x Lost and cost paid TK-1440/- by Sadia ID-11101064 on 05/10/2015.
|
| 952 |
|
|
|0 0
|1 0
|2 ddc
|4 0
|6 005_100000000000000_INT
|7 0
|9 62314
|a BRACUL
|b BRACUL
|c GEN
|d 2017-12-17
|e STS International
|g 2050.00
|l 22
|m 221
|o 005.1 INT
|p 3010032531
|r 2026-04-05
|s 2026-03-29
|t 10
|v 2050.00
|w 2017-12-17
|y BK
|
| 952 |
|
|
|0 0
|1 0
|2 ddc
|4 0
|6 005_100000000000000_INT
|7 0
|9 62315
|a BRACUL
|b BRACUL
|c GEN
|d 2017-12-17
|e STS International
|g 2050.00
|l 20
|m 245
|o 005.1 INT
|p 3010032532
|r 2026-02-02
|s 2025-06-24
|t 11
|v 2050.00
|w 2017-12-17
|y BK
|
| 952 |
|
|
|0 0
|1 0
|2 ddc
|4 0
|6 005_100000000000000_INT
|7 0
|9 62329
|a BRACUL
|b BRACUL
|c GEN
|d 2017-12-20
|e STS International
|g 2050.00
|l 18
|m 240
|o 005.1 INT
|p 3010032552
|r 2026-04-30
|s 2026-02-02
|t 13
|v 2050.00
|w 2017-12-20
|y BK
|
| 952 |
|
|
|0 0
|1 0
|2 ddc
|4 0
|6 005_100000000000000_INT
|7 0
|9 62330
|a BRACUL
|b BRACUL
|c GEN
|d 2017-12-20
|e STS International
|g 2050.00
|l 20
|m 231
|o 005.1 INT
|p 3010032553
|r 2026-02-03
|s 2025-06-17
|t 14
|v 2050.00
|w 2017-12-20
|y BK
|
| 952 |
|
|
|0 0
|1 0
|2 ddc
|4 0
|6 005_100000000000000_INT
|7 0
|9 62331
|a BRACUL
|b BRACUL
|c GEN
|d 2017-12-20
|e STS International
|g 2050.00
|l 14
|m 221
|o 005.1 INT
|p 3010032551
|q 2026-06-02
|r 2026-01-31
|s 2026-01-31
|t 12
|v 2050.00
|w 2017-12-20
|y BK
|